LDR 00885naa#a2200205#i#450# 001 RU\\bibl\121460 005 20260514041039.4 011 ## _a1994-4683 100 ## _a20230531b2023####ek#y0rusy0150####ca 102 ## _aRU 200 1# _aФИЗИЧЕСКОЕ РАЗВИТИЕ ЮНЫХ ВЕЛОСИПЕДИСТОВ _eЖурнальная статья 210 1# _aМосква _cНациональный государственный Университет физической культуры, спорта и здоровья им. П.Ф. Лесгафта _d2023 215 ## _a5 с. 608 ## _aЖурнальная статья _2local 675 ## _aВелоспорт. Роллерный спорт. 796.6 _z 700 #1 _aСкоросов _gК К 700 #1 _aЗавалишина _gС Ю 700 #1 _aДоронцев _gА В 700 #1 _aСенчукова _gХ И 856 4# _auchzapiski.lesgaft.spb.ru _u